| 000 | 00561nam a2200193Ia 4500 | ||
|---|---|---|---|
| 005 | 20250508161931.0 | ||
| 008 | 008 250505s9999 xx 000 0 eng d | ||
| 037 | _aBooks to be hide in OPAC | ||
| 040 |
_aFEDL _beng _cFEDL |
||
| 041 |
_aeng _2eng |
||
| 084 |
_a378.54, DEL/O _qFEDL |
||
| 245 | 0 | _aMinutes of the meeting of the executive council | |
| 245 | 0 | _cUniversity of Delhi | |
| 260 | _c1977 | ||
| 300 | _a333p. | ||
| 546 | _aNo. 11 Fridary the 14th January 1977-400.P.M. | ||
| 942 |
_cHB _h378.54, DEL/O |
||
| 999 |
_c1373329 _d1373329 |
||